| 000 | nam a22 a 4500 | ||
|---|---|---|---|
| 999 |
_c1958 _d1958 |
||
| 003 | AKMAL | ||
| 005 | 20170512154050.0 | ||
| 008 | 170512s2010 my | g | o000 0 eng d | ||
| 020 | _a9789833109579 | ||
| 040 |
_aAKMAL _cAKMAL |
||
| 082 | 0 | 4 |
_a352.3802854678 _222 |
| 111 | 2 |
_aNational ICT Conference _d(2009 : _cPutrajaya) _94058 |
|
| 245 | 1 | 0 |
_aConnected government for 1 Malaysia : \b proceedings of the national ICT conference 2009 9-11 June 2009, Putrajaya International Convention Centre / _cedited by Muhamad bin Hamzah, Azizah Abd Manan ; conference jointly organised by National Public Administration (INTAN), Multimedia Development Corporation (MDeC) |
| 260 |
_aKuala Lumpur : _bInstitut Tadbiran Awam Negara, _c2010 |
||
| 263 | _a201007 | ||
| 650 | 1 | 0 |
_aElectronic government information _zMalaysia _vCongresses _94059 |
| 650 | 2 | 0 |
_aInformation technology _zMalaysia _vCongresses _94060 |
| 650 | 2 | 0 |
_aPublic administration _xTechnological innovations _zMalaysia _vCongresses _94061 |
| 651 | 0 |
_aMalaysia _xPolitics and government _vCongresses _94062 |
|
| 700 | 0 |
_aMuhamad Hamzah _94063 |
|
| 700 | 0 |
_aAzizah Abdul Manan _94064 |
|
| 710 | 2 |
_aInstitut Tadbiran Awam Negara _9410 |
|
| 710 | 2 |
_aPerbadanan Pembangunan Multimedia _9175 |
|
| 942 |
_2ddc _cBOOK |
||